000 00558nam a2200205Ia 4500
003 GCL
008 140319s9999 xx 000 0 ara d
040 _aGCL /
_cGCL
082 0 4 _aط
_b813.06
_bم ا
100 1 _aمحمود سالم
245 1 0 _aاشعب /
_cمحمود سالم
260 _a[S.N] :
_bدار المعارف ،
_c1991
300 _a76 ص
490 _aحكايات ضاحكة
_v0
650 0 4 _aالاطفال
650 0 4 _aالقصص
650 0 4 _aقصص الاطفال
650 0 4 _aالقصص الفكاهية
942 _2ddc
_cBK
999 _c56487
_d56487